La torre y el gato / (Record no. 142865)

MARC details
000 -LEADER
campo de control de longitud fija 00570nam a2200181 i 4500
001 - NÚMERO DE CONTROL
campo de control 142865
003 - IDENTIFICADOR DE NÚMERO DE CONTROL
campo de control ES-MaACL
005 - FECHA Y HORA DE LA ÚLTIMA TRANSACCIÓN
campo de control 20231205195755.0
007 - CAMPO FIJO DE DESCRIPCIÓN FÍSICA--INFORMACIÓN GENERAL
campo de control de longitud fija t|
008 - DATOS DE LONGITUD FIJA--INFORMACIÓN GENERAL
campo de control de longitud fija 071010s1957 sp ||||1| spa d
100 1# - ENTRADA PRINCIPAL--NOMBRE DE PERSONA
Nombre de persona Vidal de Lema, José María.
9 (RLIN) 114480
245 13 - MENCIÓN DEL TÍTULO
Título La torre y el gato /
Mención de responsabilidad, etc. [Majo de Levi (seud.) ; prólogo de José García Nieto].
260 ## - PUBLICACIÓN, DISTRIBUCIÓN, ETC.
Lugar de publicación, distribución, etc. [Jerez :
Nombre del editor, distribuidor, etc. Jerez Industrial,
Fecha de publicación, distribución, etc. 1957]
300 ## - DESCRIPCIÓN FÍSICA
Extensión 304 p. :
Otras características físicas il. ;
Dimensiones 24 cm.
700 1# - ENTRADA AGREGADA--NOMBRE PERSONAL
Nombre de persona García Nieto, José,
Fechas asociadas al nombre 1914-2001
9 (RLIN) 55029
852 ## - LOCALIZACIÓN
Ubicación ES-MaACL
Número de control de estantería C-12229
Sublocalización o colección R.40327
Holdings
Estatus retirado Estado de pérdida Estado de daño No para préstamo Biblioteca de origen Biblioteca actual Ubicación en estantería Fecha de adquisición Fuente de adquisición Total de préstamos Signatura topográfica completa Código de barras Visto por última vez Precio de reemplazo Tipo de ítem Koha
        Biblioteca del Ateneo de Madrid Biblioteca del Ateneo de Madrid Sala Palomar 17/01/2008     C-12229 1148647 23/02/2023 23/02/2023 Libro impreso